World and Sacrament (Record no. 5580)
[ view plain ]
| 000 -LEADER | |
|---|---|
| fixed length control field | 00578nam a2200241 a 4500 |
| 020 ## - INTERNATIONAL STANDARD BOOK NUMBER | |
| ISBN | |
| 082 00 - DEWEY DECIMAL CLASSIFICATION NUMBER | |
| Classification number | 261 |
| Author Cutter | SCH |
| 100 ## - MAIN ENTRY--AUTHOR NAME | |
| Author name | Schmemann, Alexander |
| 245 ## - TITLE STATEMENT | |
| Title | World and Sacrament |
| 260 ## - PUBLICATION, DISTRIBUTION, ETC. (IMPRINT) | |
| Place of publication | London |
| Name of publisher | Darton and Longman |
| Year of publication | 1966 |
| 300 ## - PHYSICAL DESCRIPTION | |
| Number of Pages | 142p |
| 500 ## - GENERAL NOTE | |
| General note | includes index and biblioraphy |
| 505 2# - FORMATTED CONTENTS NOTE | |
| Formatted contents note | Appendix |
| 650 ## - SUBJECT ADDED ENTRY--TOPICAL TERM | |
| Topical Term | Theology-Social |
| 942 ## - ADDED ENTRY ELEMENTS (KOHA) | |
| Koha item type | Books |
| 700 1# - | |
| -- | Schmemann, Alexander |
| Collection code | Home library | Current library | Date acquired | Cost, normal purchase price | Full call number | Accession Number | Koha item type |
|---|---|---|---|---|---|---|---|
| Henry Martyn Institute Library | Henry Martyn Institute Library | 07/10/2007 | 788.80 | 261 SCH | 07239 | Books |
